Twenty One Pilots' Most Streamed Songs - Statistics

General Stats
  • This quiz has been taken 25 times
  • The average score is 13 of 20
Answer Stats
Hint Answer % Correct
2,967,138,220 Stressed Out
95%
552,872,575 Car Radio
91%
2,216,167,788 Ride
91%
659,999,363 Chlorine
86%
2,201,727,975 Heathens
86%
304,571,354 Jumpsuit
77%
460,242,522 Heavydirtysoul
73%
252,316,014 Shy Away
73%
252,734,352 Fairly Local
68%
344,315,584 Lane Boy
68%
682,133,702 Tear In My Heart
68%
281,785,808 Holding on to You
64%
267,796,737 Nico and the Niners
64%
471,619,548 Doubt
59%
387,267,641 House of Gold
59%
298,715,576 Migraine
55%
301,444,716 The Judge
50%
339,107,265 My Blood
45%
303,566,341 Level of Concern
36%
251,513,885 Hometown
32%
No matching quizzes found
Score Distribution
Percent of People with Each Score
Percentile by Number Answered
Your Score History
You have not taken this quiz